000 00984pam a2200253 a 4500
001 3889952
005 20241112092240.0
008 900713s1992 nyua e 000 0 eng
020 _a0132757281 :
_c$50.95
041 1 _aeng
_hger
050 0 0 _aQA76.15
_b.C5313 1990
082 0 0 _a004/.03
_220
100 1 _aClaus, Volker,
_d1944-
245 1 0 _aEncyclopaedia of information technology /
_cVolker Claus, Andreas Schwill ; translator, Derek Lewis.
260 _aNew York :
_bEllis Horwood,
_c1992.
300 _avi, 382 p. :
_bill. ;
_c24 cm.
440 0 _aEllis Horwood books in information technology
500 _aTranslation of: Schülerduden "Die Informatik."
500 _a"Readership: Computer science students and teachers in secondary schools; undergraduate students of computer science"--P. [4] of cover.
650 0 _aElectronic data processing
_xEncyclopedias.
650 0 _aInformation technology
_xEncyclopedias.
700 1 _aSchwill, Andreas.
942 _2lcc
_cBK
_n0
999 _c1043
_d1043